000 00581nam a22001937a 4500
008 170315b xxu||||| |||| 00| 0 eng d
020 _a9780077521752
050 _aGN25
_b .G46 2012
100 _aGezon, Lisa L
245 _aCulture /
_cLisa Gezon, Conrad Kottak
250 _a 1st ed
260 _aNew York, NY :
_bMcGraw-Hill,
_c2012
300 _axv, 297 p. :
_bcol. ill., col. maps ;
_c28 cm
500 _a Includes bibliographical references and index
650 _aAnthropology
650 _aCulture
700 _a Kottak, Conrad Phillip
942 _2lcc
_cBK
999 _c49356
_d49356